000 00237 a2200097 4500
001 13790
100 _aImam Muslim
245 _aSaheeh Muslim Sharif (Muterajum Urdu) Jild Doym
260 _aKarachi
_bQuran Mahal
_c
090 _c10779
_d10779
942 _aNUST-CAE
_cM
_c868
999 _c248863
_d248863